000 00654aas a2200193 4500
999 _c61364
_d61364
001 768714001
003 CO-MdFUSB
005 20170831113604.0
008 170831s2006 xxu||||| |||| 00| 0 eng d
022 _a0120-3649
040 _aCO-MdFUSB
_bspa
_cCO-MdFUSB
_dCO-MdFUSB
041 _aeng
100 1 _aBoas, Adrian
_eautor
245 1 0 _aThe rugged beauty of crusader castles :
_bholy wars in a holy land
_c/ Boas, Adrian
300 _aVolumen 32. Número 1 (2006), páginas 50-61
_c: 28 cm.
546 _aTexto en inglés
773 0 _tBiblical Archaeology Review
_049395
_959450
_gVolumen 32. Número 1 (2006), páginas 50-61
_qPágina 50
942 _cANA